The mobility patterns of the University of Zambia graduates: the case of the 1976 cohort of graduates (Record no. 51354)

MARC details
000 -LEADER
fixed length control field 00687nam a2200205 a 4500
003 - CONTROL NUMBER IDENTIFIER
control field CBULib
005 - DATE AND TIME OF LATEST TRANSACTION
control field 20250507132625.0
008 - FIXED-LENGTH DATA ELEMENTS--GENERAL INFORMATION
fixed length control field 091130s1976 ||||||||||||||||| || u
040 ## - CATALOGING SOURCE
Original cataloging agency CBULib
Language of cataloging English
Transcribing agency CBULib
Modifying agency CBULib
Description conventions rda
050 ## - LIBRARY OF CONGRESS CALL NUMBER
Classification number PAPERS/STAFF
100 ## - MAIN ENTRY--PERSONAL NAME
Personal name Baedouille, R
245 14 - TITLE STATEMENT
Title The mobility patterns of the University of Zambia graduates: the case of the 1976 cohort of graduates
260 ## - PUBLICATION, DISTRIBUTION, ETC. (IMPRINT)
Place of publication, distribution, etc Lusaka
Name of publisher, distributor, etc University of Zambia
Date of publication, distribution, etc 1976
300 ## - PHYSICAL DESCRIPTION
Extent 31pages
336 ## - CONTENT TYPE
Source rdacontent
Content type term Text |
Content type code txt
337 ## - MEDIA TYPE
Source rdamedia
Media type term Unmediated |
Media type code n
338 ## - CARRIER TYPE
Source rdacarrier
Carrier type term Volume
Carrier type code nc
942 ## - ADDED ENTRY ELEMENTS (KOHA)
Source of classification or shelving scheme
Koha item type UNIVERSITY COLLECTION
Holdings
Withdrawn status Lost status Source of classification or shelving scheme Damaged status Not for loan Collection code Permanent Location Current Location Shelving location Date acquired Source of acquisition Full call number Barcode Date last seen Price effective from Koha item type
          Special Collections CBU-MAIN LIBRARY, KITWE. CBU-MAIN LIBRARY, KITWE. Special Collections 11/30/2022 DEP-CBU PAPERS/STAFF 03004901 11/30/2022 11/30/2022 UNIVERSITY COLLECTION